Grand Theft Auto III Radio Stations - Statistics

General Stats
  • This quiz has been taken 129 times
  • The average score is 6 of 9
Answer Stats
Answer % Correct
Head Radio
79%
Lips 106
79%
Chatterbox FM
74%
Flashback 95.6 FM
73%
K-Jah Radio
68%
MSX FM
68%
Game Radio FM
63%
Double Clef FM
62%
Rise FM
61%
No matching quizzes found
Score Distribution
Percent of People with Each Score
Percentile by Number Answered
Your Score History
You have not taken this quiz